书目信息 |
| 题名: |
鲁迅汉文学史纲要
|
|
| 作者: | 鲁迅 著 | |
| 分册: | ||
| 出版信息: | 长春 吉林人民出版社 2013 |
|
| 页数: | 335-434页 | |
| 开本: | 24cm | |
| 丛书名: | ||
| 单 册: | ||
| 中图分类: | I210.91 | |
| 科图分类: | ||
| 主题词: | 鲁迅著作--Lu Xun Zhu Zuo--文学史--中国--汉代 | |
| 电子资源: | ||
| ISBN: | 978-7-206-08275-7 | |
| 000 | 00807nam0 22002531 450 | |
| 001 | 350498 | |
| 005 | 20161012144157.67 | |
| 010 | @a978-7-206-08275-7@dCNY48.00 | |
| 100 | @a20131014d2013 em y0chiy50 ea | |
| 101 | 0 | @achi |
| 102 | @aCN@b220000 | |
| 105 | @ay z 000yy | |
| 106 | @ar | |
| 200 | 1 | @a鲁迅汉文学史纲要@ALu Xun Han Wen Xue Shi Gang Yao@f鲁迅著 |
| 210 | @a长春@c吉林人民出版社@d2013 | |
| 215 | @a335-434页@d24cm | |
| 300 | @a中国学术文化名著文库/胡维革主编 | |
| 314 | @a著者取自版权页 | |
| 330 | @a本书内容包括:史家对于小说之著录及论述、神话与传说、今所见汉人小说、宋之话本等。 | |
| 606 | 0 | @a鲁迅著作@ALu Xun Zhu Zuo@x文学史@y中国@z汉代 |
| 690 | @aI210.91@v5 | |
| 701 | 0 | @a鲁迅@ALu Xun@f(1881~1936)@4著 |
| 801 | 0 | @aCN@bTANGWEI@c20160804 |
| 905 | @b0890335-9@dI210.91@e291@f5 | |
| 鲁迅汉文学史纲要/鲁迅著.-长春:吉林人民出版社,2013 |
| 335-434页;24cm |
| 中国学术文化名著文库/胡维革主编 |
| ISBN 978-7-206-08275-7:CNY48.00 |
| 本书内容包括:史家对于小说之著录及论述、神话与传说、今所见汉人小说、宋之话本等。 |
| ● |
| 相关链接 |
|
|
|
|
正题名:鲁迅汉文学史纲要
索取号:I210.91/291
 
预约/预借
| 序号 | 登录号 | 条形码 | 馆藏地/架位号 | 状态 | 备注 |
| 1 | 0890335 | 208903356 | 第一样本阅览室/ [索取号:I210.91/291] | 在馆 | |
| 2 | 0890336 | 208903365 | 教育系资料室/ [索取号:I210.91/291] | 在馆 | |
| 3 | 0890337 | 208903374 | 教育系资料室/ [索取号:I210.91/291] | 在馆 | |
| 4 | 0890338 | 208903383 | 第二借阅区/ [索取号:I210.91/291] | 在馆 | |
| 5 | 0890339 | 208903392 | 第二借阅区/ [索取号:I210.91/291] | 在馆 |